BIBLIOTECA

SENCICO

Estrategia Nacional de Desarrollo de la Innovación y la Productividad en el Perú : Elementos para una Propuesta (Registro nro. 747)

Detalles MARC
000 -LEADER
fixed length control field 00785nam a2200265Ia 4500
005 - DATE AND TIME OF LATEST TRANSACTION
control field 20251020182447.0
008 - FIXED-LENGTH DATA ELEMENTS--GENERAL INFORMATION
fixed length control field 200515s9999 xx 000 0 und d
082 ## - DEWEY DECIMAL CLASSIFICATION NUMBER
Classification number 608.2(85)/P45/2000
100 ## - MAIN ENTRY--PERSONAL NAME
Personal name Carazo S., Mercedes Inés
100 ## - MAIN ENTRY--PERSONAL NAME
Personal name Flit Stern, Isaías
100 ## - MAIN ENTRY--PERSONAL NAME
Personal name Hurtado Erazo, Angel P.
245 #0 - TITLE STATEMENT
Title Estrategia Nacional de Desarrollo de la Innovación y la Productividad en el Perú : Elementos para una Propuesta
250 ## - EDITION STATEMENT
Edition statement 1a ed.
260 ## - PUBLICATION, DISTRIBUTION, ETC.
Place of publication, distribution, etc. Lima
260 ## - PUBLICATION, DISTRIBUTION, ETC.
Name of publisher, distributor, etc. MITINCI ; AECI ; RED DE CITEs
260 ## - PUBLICATION, DISTRIBUTION, ETC.
Date of publication, distribution, etc. 2000
300 ## - PHYSICAL DESCRIPTION
Extent 126
300 ## - PHYSICAL DESCRIPTION
Other physical details graf., tbl., map.
490 ## - SERIES STATEMENT
Series statement Innovación Tecnológica del MITINCI - Industrias
500 ## - GENERAL NOTE
General note 1 ejemplar
650 ## - SUBJECT ADDED ENTRY--TOPICAL TERM
Topical term or geographic name entry element INNOVACION TECNOLOGICA
650 ## - SUBJECT ADDED ENTRY--TOPICAL TERM
Topical term or geographic name entry element PRODUCTIVIDAD
942 ## - ADDED ENTRY ELEMENTS (KOHA)
Koha item type Libros
Existencias
Fecha de la última vez que lo usaron Pago total Signatura topográfica completa Código de barras Precio efectivo desde Tipo de documento Estado perdido Estado dañado No es para préstamo Retirado Ubicación permanente Ubicación actual Fecha de adquisición
15/05/2020   608.2(85)/P45/2000 Bib-Lima15050747 15/05/2020 Libros         Biblioteca Central Lima Biblioteca Central Lima 15/05/2020